000 00592nam a2200205Ia 4500
999 _c34898
_d34898
003 OSt
005 20210628102150.0
008 160316s2013 xxu||||| |||| 00| 0 eng d
040 _cn
082 _a346.066000
_bTAX-III-1
100 _aTaxmann
245 _aCompanies act 2013 Vol. III
260 _aNew Delhi
_bTaxmann Allied Services (P) Ltd.
_c2013
300 _aVar
_cxxiii
365 _bRs. 3,775 Vols
650 _a1.Company Law - Companies Act
700 _a
_a
856 _uhttps://www.taxmann.com/bookstore/bookshop/bookfiles/companylawandpraccontents.pdf
942 _2ddc
_cBK